| 000 | 02466nam a2200385 a 4500 | ||
|---|---|---|---|
| 001 | 000032095 | ||
| 003 | DO-SdBNP | ||
| 005 | 20160414125543.0 | ||
| 007 | 000032095 | ||
| 008 | 110712s2013 dr ac 000 0 spa d | ||
| 020 | _a9789945495313 (v. 1) | ||
| 020 | _a9789945495321 (v. 2) | ||
| 020 | _a994549533X (v. 3) | ||
| 020 | _a9945495348 (v. 4) | ||
| 040 |
_aBPMSU _bspa _cBPMSU |
||
| 092 |
_axxxx _bxxxx |
||
| 100 | 1 | _aGómez, Fiume | |
| 245 | 1 | 0 |
_aLengua española : _beducación básica. / _cFiume Gómez ; producción editorial María del Jesús de la Rosa ; ilustración Ramón Sandoval. |
| 260 |
_aSanto Domingo : _bActualidad Escolar, _c2013. |
||
| 300 |
_a8 v. : _bil., retrs. ; _c28 cm. |
||
| 500 | _aEdición revisada y actualizada al 2013 | ||
| 500 | _aLa biblioteca solamente posee los volumenes del 1 al 4. | ||
| 500 | _aCada volumen incluye el libro del maestro. | ||
| 505 | 0 |
_av. 1 : _gunidad 1 -- _tA la escuela -- _gunidad 2 -- _tMi familia -- _gunidad 3 -- _tMe relaciono -- _gunidad 4 -- _tLlegó la navidad -- _gunidad 5 -- _tMi comunidad -- _gunidad 6 -- _tTodos trabajamos -- _gunidad 7 -- _tMe comunico -- |
|
| 505 | 0 |
_av. 2 : _gunidad 1 -- _tDe regreso a la escuela -- _gunidad 2 -- _tMedio ambiente -- _gunidad 3 -- _tEl gato con botas -- _gunidad 4 -- _tLa lagartija preocupada -- _gunidad 5 -- _tDescubro mi entorno -- _gunidad 6 -- _tConoce tu pasado -- _gunidad 7 -- _tExpresa tus ideas -- _gunidad 8 -- _tLa bobina maravillosa -- |
|
| 505 | 0 |
_av. 3 : _gunidad 1 -- _tConozco mi entorno -- _gunidad 2 -- _tValoro mi tiempo -- _gunidad 3 -- _tEl camello cojito -- _gunidad 4 -- _tSobra, sombrita -- _gunidad 5 -- _tYan y Yon -- _gunidad 6 -- _tEl cuervo y el zorro -- _gunidad 7 -- _tLa granja de la abuela -- _gunidad 8 -- _tEl murciélago -- _gunidad 9 -- _tEl flautista de Hamelin -- |
|
| 505 | 0 |
_av. 4 : _gunidad 1 -- _tMi primer día de clases -- _gunidad 2 -- _tA Quisqueya -- _gunidad 3 -- _tEl águila y la asamblea de los animales -- _gunidad 4 -- _tCostumbres y leyendas de mi país -- _gunidad 5 -- _tEl ritmo de las ideas -- _gunidad 6 -- _tRelatos maravillosos -- _gunidad 7 -- _tLos encantos de Arroyo Frío -- _gunidad 8 -- _t¡Qué dulce es la miel! -- |
|
| 700 | 1 |
_aRosa, María del Jesús de la _eed. |
|
| 700 | 1 |
_aSandoval, Ramón _eil. |
|
| 930 | 1 |
_lBND01 _mLF1 _820110712 _f01 _pHD _g27328 |
|
| 942 |
_2ddc _cBK |
||
| 956 |
_aDGARCIA _b10 _c20150807 _lBND01 _h1001 |
||
| 956 |
_aYLOCKWARD _b10 _c20150807 _lBND01 _h1314 |
||
| 956 |
_aVMATEO _b10 _c20150813 _lBPMSU _h00151 |
||
| 999 |
_c9774 _d9774 |
||